Phoenetic alphabet Quiz Stats

 Plays Quiz not verified by Sporcle

Score 0/26 Timer 08:00
1 Play Today
% Correct
Alfa
99.5%
Charlie
95.8%
Bravo
95%
Delta
94%
Foxtrot
92%
Echo
90.1%
Hotel
84.8%
Golf
81.3%
India
80.3%
Juliet
78.9%
Lima
78.9%
X-ray
76.4%
Kilo
76.1%
% Correct
Tango
74.7%
Zulu
72.7%
Mike
72.4%
Romeo
71.6%
Oscar
69.6%
November
69.4%
Quebec
66.7%
Sierra
66.2%
Whiskey
64.9%
Yankee
64.9%
Victor
64.7%
Papa
63.2%
Uniform
62%

You're not logged in!

Compare scores with friends on all Sporcle quizzes.
OR
Log In

Sporcle TV

Today on Sporcle TV


Watch our educational content, quiz creation guides, and fun videos on Sporcle TV.

Show Comments

Extras

Created Jun 19, 2010SourceReportNominate
Tags:Alphabet Quiz

Top Quizzes Today


Score Distribution

Your Account Isn't Verified!

In order to create a playlist on Sporcle, you need to verify the email address you used during registration. Go to your Sporcle Settings to finish the process.

Report this User

Report this user for behavior that violates our Community Guidelines.

Details: